Analytická chémia /

Saved in:
Bibliographic Details
Main Authors: Garaj, Ján (Author), Bustin, Dušan, 1937- (Author), Hladký, Zdeněk (Author)
Format: Book
Language:Slovak
Published: Bratislava : Alfa, 1987
Edition:1.vyd.
Tags: Add Tag
No Tags, Be the first to tag this record!

MARC

LEADER 00000nam a22000003a 4500
001 stu5885
005 20150617225807.6
008 940516s1987----cs------------------slo-d
040 |a STU  |b slo 
041 0 |a slo 
044 |a cs 
080 |a 543 
100 1 |a Garaj, Ján  |4 aut 
245 1 |a Analytická chémia /  |c [aut.] Garaj,J.; Bustin,D.; Hladký,Zd 
250 |a 1.vyd. 
260 |a Bratislava :  |b Alfa,  |c 1987 
300 |a 729 s 
700 1 |a Bustin, Dušan,  |d 1937-  |4 aut  |u C1180  |U FCHPT Ústav analytickej chémie  |T FCHPT Oddelenie analytickej chémie  |X 4567  |U C1180  |Y 108  |7 A000004567 
700 1 |a Hladký, Zdeněk  |4 aut 
996 |b E66155  |c E*66155  |l EE05  |s P  |a 0  |w stu5885_0001